000 00663nam a22002177a 4500
999 _c6388
_d6388
003 OSt
005 20191202114221.0
008 191202b ||||| |||| 00| 0 eng d
020 _a 9781874357209
020 _a187435720X
040 _cDDC
082 _a598 IMP 2001
100 _aEdited by Lincoln D.C. Fishpool; Michael I. Evans
_913102
245 _aImportant Bird Area in Africa and Associated Islands: priority sites for conservation
260 _aUK;
_bBirdlife International,
_c2001
300 _axvi,1144p;
_bCol.ill:
_c31cm
504 _aAppendices, & index included
650 _aBirds
_95482
650 _aOrnithology
_95483
942 _2z
_cO_SHELF